|
|
|
|
| LEADER |
00000nam a22000007a 4500 |
| 005 |
20191118132452.0 |
| 007 |
cr|||| |||| |
| 008 |
191118s2019 co |||||s|||| 00||0 spa d |
| 020 |
|
|
|a 978-958-792-017-8
|
| 035 |
|
|
|a 30677
|
| 040 |
|
|
|a vLex
|
| 090 |
|
|
|c 10038
|d 10038
|
| 100 |
1 |
|
|a Gm̤ez Vallejo, Mara̕ del Pilar
|
| 245 |
1 |
2 |
|a La Mentalidad emprendedora
|h [Recurso electrn̤ico] /
|c Mara̕ del Pilar Gm̤ez Vallejo
|
| 256 |
|
|
|a Servicio en ln̕ea
|
| 260 |
|
|
|a Bogot:̀
|b Ediciones de la U,
|c 2019
|
| 300 |
|
|
|a 1 recurso electrn̤ico
|
| 506 |
1 |
|
|a Disponible solo en los productos indicados
|d vLex Global
|d vLex Global (Academic Edition, excluding Law Schools)
|d vLex Global (U.S. Academic Edition, Law Schools)
|d vLex Global (U.S. Academic Edition, excluding Law Schools)
|d vLex Global (Academic Edition, Law Schools)
|
| 650 |
0 |
4 |
|a Economa̕ y negocios
|z Colombia
|
| 740 |
0 |
|
|a vLex Libros (Servicio en ln̕ea)
|
| 856 |
4 |
0 |
|u http://vlex.com/source/mentalidad-emprendedora-30677
|z Acceso restringido
|
| 942 |
|
|
|c BOOK
|
| 999 |
0 |
|
|a Economy and business
|